| 000 | 02330nam a2200325 i 4500 | ||
|---|---|---|---|
| 005 | 20220316235333.0 | ||
| 007 | ta | ||
| 008 | 121119s1997 ck a gr 000 j spa d | ||
| 020 | _a9583004138 | ||
| 040 |
_aCO-BoRNBP _bspa _cCO-BoRNBP _erda |
||
| 041 | 1 | _aspa | |
| 043 | _as-ck--- | ||
| 084 | _aN SAI1 | ||
| 100 | 1 |
_aSaint-Exupery, Antoine de, _d1900-1944, _eautor |
|
| 245 | 1 | 3 |
_aEl principito _cAntoine de Saint-Exupery ; traducción, Lirca Vallés |
| 250 | _aPrimera edición | ||
| 264 | 1 |
_aBogotá _bPanamericana _bAlcaldia Mayor de Santafe de Bogotá _c1997 |
|
| 300 |
_a124 páginas _bilustraciones _c24 cm |
||
| 336 |
_atexto _btxt _2rdacontent |
||
| 337 |
_asin mediación _bn _2rdamedia |
||
| 338 |
_avolumen _bnc _2rdacarrier |
||
| 490 | 0 | _aColección corcel | |
| 520 | 3 | _aUn piloto se ve obligado a aterrizar de emergencia en el desierto del Sahara y de repente ve aparecer a un niño, vestido de una manera muy particular, que lo sorprende con sus preguntas y sus modales. Poco a poco el extraño niño le cuenta que viene de un lejano asteroide, en donde vive acompañado por una flor caprichosa y tres volcanes que deshollina cada mañana. Cansado de discutir con su flor, de la que está enamorado, aprovecha una migración de pájaros salvajes para escapar de la orgullosa rosa. Antes de llegar a la Tierra recorre seis planetas y así conoce a un rey que no tiene a quien gobernar; a un vanidoso a quien nadie admira; a un bebedor; a un hombre de negocios que se creía dueño de todas las estrellas del universo; a un farolero cuya consigna era prender y apagar un farol en un planeta que giraba una vez por minuto; y a un geógrafo que nunca había visto una montaña, un río o un océano. Ya en la Tierra, el Principito se encuentra un jardín de rosas que lo hace sentir muy triste, pues hasta ese día creyó que su rosa era única en el universo. Casi al tiempo conoce al zorro que le suplica al niño que lo domestique. Conoce también un guardagujas, un vendedor y una serpiente venenosa que lo ayuda a regresar a su añorado asteroide. | |
| 534 | _tLe petit prince | ||
| 650 | 1 | 7 |
_aCuentos infantiles franceses _2ARMARC |
| 650 | 1 | 7 |
_aPersonajes fantásticos _ySiglo XX _2ARMARC |
| 650 | 1 | 7 |
_aLiteratura infantil francesa _2ARMARC |
| 700 | 1 |
_aVallés, Lirca, _etraductor _9144570 |
|
| 942 |
_2loc _cBKLIT |
||
| 999 |
_c645 _d645 |
||